| 000 | 00617nam a2200205Ia 4500 | ||
|---|---|---|---|
| 003 | GCL | ||
| 008 | 140319s9999 xx 000 0 ara d | ||
| 040 |
_aGCL / _cGCL |
||
| 082 | 0 | 4 |
_a320 _bن م |
| 100 | 1 | _aعثمان الرواف | |
| 245 | 1 | 0 |
_aمبادئ علم السياسة / _cعثمان الرواف |
| 700 | 1 | _aنظام بركات | |
| 250 | _aالثانية | ||
| 260 |
_aالرياض : _bمكتبة العبيكان ، _c2001 |
||
| 300 |
_a412 ص ؛ _c24 سم |
||
| 650 | 0 | 4 | _aالسياسة |
| 650 | 0 | 4 | _aالعلاقات الخارجية |
| 650 | 0 | 4 | _aالنظم السياسية |
| 942 |
_2ddc _cBK |
||
| 999 |
_c3820 _d3820 |
||